000 00437nam a2200169Ia 4500
999 _c10416
_d10416
003 OSt
005 20220316161017.0
008 220308s9999 xx 000 0 und d
020 _a9783869222820
082 _a720.47
_bPFA
100 _aPfammatter, Ulrich
245 0 _aBuilding for a changing culture and climate : world atlas of sustainable architecture
260 _bDOM Publisher
365 _cEUR
365 _d98
942 _2ddc